000 00946nam a2200253 i 4500
001 110778
003 ES-MaACL
005 20250814235303.0
007 t|
008 070125s1934 sp ||||1| spa d
080 _a342.4(091)
100 1 _aMirkine-Guetzévitch, Boris.
_981593
245 1 0 _aModernas tendencias del derecho constitucional /
_cB. Mirkine-Guetzévitch ; traducción del francés por Sabino Alvarez-Gendín.
250 _a1ª ed.
260 _aMadrid :
_bHijos de Reus,
_c1934.
300 _aXXVIII, 255 p. ;
_c23 cm.
490 1 _aBiblioteca jurídica de autores españoles y extranjeros ;
_v174
650 1 7 _aDerecho constitucional
_2embne
_911680
650 1 7 _aHistoria constitucional
_2embne
_913391
700 1 _aÁlvarez-Gendín, Sabino,
_d1895-1983
_920820
830 0 _aBiblioteca jurídica de autores españoles y extranjeros ;
_v174
_9182228
852 _aES-MaACL
_jE-3145
999 _c110778
_d110778